书目信息 |
| 题名: |
走近真实
|
|
| 作者: | 库恩 著 | |
| 分册: | ||
| 出版信息: | 上海 上海人民出版社 2006.04 |
|
| 页数: | 346页 | |
| 开本: | 23cm | |
| 丛书名: | ||
| 单 册: | ||
| 中图分类: | N49 | |
| 科图分类: | ||
| 主题词: | 科学技术--普及读物--普及读物 | |
| 电子资源: | ||
| ISBN: | 7-208-06147-5 | |
| 000 | 00605nam0 2200205 450 | |
| 001 | 0640491516 | |
| 005 | 20061010152444.54 | |
| 010 | @a7-208-06147-5@dCNY 36.00 | |
| 100 | @a20060819d2006 km y0chiy0120 ea | |
| 101 | 0 | @achi |
| 102 | @aCN@b310000 | |
| 200 | 1 | @a走近真实@Azou jin zhen shi@e科学、意义与未来@f(美)库恩著@F(mei)ku en zhu |
| 210 | @a上海@c上海人民出版社@d2006.04 | |
| 215 | @a346页@d23cm | |
| 517 | 1 | @a科学、意义与未来@Ake xue、yi yi yu wei lai |
| 606 | 0 | @a科学技术@x普及读物@x普及读物 |
| 690 | @aN49@v4 | |
| 701 | 0 | @a库恩@Aku en@4著 |
| 801 | @aCN@c20061010 | |
| 905 | @apdsgxy@dN49@eK825 | |
| 走近真实:科学、意义与未来/(美)库恩著.-上海:上海人民出版社,2006.04 |
| 346页;23cm |
| ISBN 7-208-06147-5:CNY 36.00 |
| ● |
| 相关链接 |
|
|
|
正题名:走近真实
索取号:N49/K825
 
预约/预借
| 序号 | 登录号 | 条形码 | 馆藏地/架位号 | 状态 | 备注 |
| 1 | 608690 | 206086901 | 期刊室512/401自科库 138排1列5层/ [索取号:N49/K825] | 在馆 | |
| 2 | 608691 | 206086910 | 自科库401/401自科库 140排1列5层/ [索取号:N49/K825] | 在馆 | |
| 3 | 608692 | 206086929 | 期刊室512/401自科库 138排1列5层/ [索取号:N49/K825] | 在馆 |